Szczegóły MARC21

Other solitudes : Canadian multicultural fictions /

003 -Nazwa inst., której nr kontr. jest w polu 001 [,]
    • @
    • Nazwa instytucji, której n kontrolny jest w polu 001
    • NUKAT
005 -DATA I CZAS OSTATNIEJ MODYFIKACJI [,]
    • @
    • pole kontrolne
    • 20241231103649.0
020 -Międzynarod. znormalizowany nr książki - ISBN [ , ]
    • a
    • Numer ISBN
    • 0195407563 Find
040 -Instytucja sporządzająca opis [ , ]
    • a
    • Instytucja, która sporządziła opis (NP)
    • NUKAT
    • c
    • Instytucja, która sporządziła rekord (NP)
    • TOR U/LG
    • d
    • Instytucja, która zmodyfikowała rekord (P)
    • TOR U/LG
    • d
    • Instytucja, która zmodyfikowała rekord (P)
    • POZN U/DWs
942 -Rodzaj dokumentu [ , ]
    • c
    • Rodzaj dokumentu
    • Książka
245 -Strefa tytułu i oznaczenia odpowiedzialności [0,0]
    • a
    • Tytuł
    • Other solitudes : Find
    • b
    • Ciąg dalszy tytułu (NP)
    • Canadian multicultural fictions / Find
    • c
    • Pozostałe elementy strefy tytułu i oznaczenia odpowiedzialności (NP)
    • ed. by Linda Hutcheon, Marion Richmond.
260 -Strefa adresu wydawniczego [ , ]
    • a
    • Miejsce wydania (P)
    • Toronto :
    • b
    • Nazwa wydawcy (P)
    • Oxford University Press,
    • c
    • Data wydania (P)
    • 1990.
300 -Strefa opisu fizycznego [ , ]
    • a
    • Określenie formy książki i/lub objętość (NP)
    • X, 374 s. ;
    • c
    • Format (NP)
    • 22 cm.
336 -Typ zawartości [ , ]
    • a
    • Termin opisujący typ zawartości
    • Tekst
    • b
    • Kod określający zawartość
    • txt
    • 2
    • Źródło (terminu i kodu)
    • rdacontent
337 -Typ mediów [ , ]
    • a
    • Tryb odtwarzania
    • Bez urządzenia pośredniczącego
    • b
    • Kod typu mediów
    • n
    • 2
    • Źródło (terminu i kodu)
    • rdamedia
338 -Typ/rodzaj nośnika [ , ]
    • a
    • Hasło opisujące typ nośnika
    • Wolumin
    • b
    • Kod typu nośnika
    • nc
    • 2
    • Źródło (terminu i kodu)
    • rdacarrier
080 -Uniwersalna Klasyfikacja Dziesiętna [ , ]
    • 2
    • Identyfikator wydania tablic
    • UDC-P058
    • 9
    • UKD
    • 27505
    • a
    • Symbol klasyfikacji
    • 821.111(71)-3
    • b
    • Dopowiedzenie
    • Literatura kanadyjska w języku angielskim. - Powieści, nowele, opowiadania.
    • 4
    • UKD2
    • 8230
    • x
    • Poddział wspólny
    • "19"
    • c
    • Dopowiedzenie poddz. wspólnego
    • Wiek XX.
    • 4
    • UKD2
    • 7644
    • x
    • Poddział wspólny
    • =111
    • c
    • Dopowiedzenie poddz. wspólnego
    • =Język angielski.
    • 4
    • UKD2
    • 8450
    • x
    • Poddział wspólny
    • (082.2)
    • c
    • Dopowiedzenie poddz. wspólnego
    • (Antologie. Wypisy (różnych autorów). Cytaty. Fragmenty).
650 -Hasło przedmiotowe [ ,7]
    • a
    • Hasło przedmiotowe
    • Literatura kanadyjska
    • y
    • Określnik chronologiczny
    • 20 w.
    • x
    • Określnik rzeczowy
    • historia i krytyka.
    • 2
    • Źródło terminu
    • kaba
    • 9
    • KHW
    • 375553
650 -Hasło przedmiotowe [ ,7]
    • a
    • Hasło przedmiotowe
    • Pisarze kanadyjscy
    • y
    • Określnik chronologiczny
    • 20 w.
    • v
    • Określnik formalny
    • rozmowy.
    • 2
    • Źródło terminu
    • kaba
    • 9
    • KHW
    • 466079
650 -Hasło przedmiotowe [ ,7]
    • a
    • Hasło przedmiotowe
    • Mniejszości
    • z
    • Określnik geograficzny
    • Kanada
    • v
    • Określnik formalny
    • antologie.
    • 2
    • Źródło terminu
    • kaba
    • 9
    • KHW
    • 466086
650 -Hasło przedmiotowe [ ,7]
    • a
    • Hasło przedmiotowe
    • Imigranci
    • z
    • Określnik geograficzny
    • Kanada
    • v
    • Określnik formalny
    • antologie.
    • 2
    • Źródło terminu
    • kaba
    • 9
    • KHW
    • 466084
650 -Hasło przedmiotowe [ ,7]
    • a
    • Hasło przedmiotowe
    • Pluralizm kulturowy
    • z
    • Określnik geograficzny
    • Kanada
    • v
    • Określnik formalny
    • antologie.
    • 2
    • Źródło terminu
    • kaba
    • 9
    • KHW
    • 466085
655 -Hasło w funkcji tematu formalnego [ ,7]
    • a
    • Hasło
    • Literatura kanadyjska
    • y
    • Określnik chronologiczny
    • 20 w.
    • v
    • Określnik formy
    • antologie.
    • 2
    • Źródło terminu
    • kaba
    • 9
    • KHW
    • 466080
980 -Symbol UKD [ , ]
    • a
    • UKD
    • 821.111(71)-3(082.2)"19"=111
700 -Hasło dodatkowe - nazwa osobowa [1, ]
    • a
    • Nazwa osobowa (NP)
    • Hutcheon, Linda Find
    • d
    • Daty biograficzne (NP)
    • (1947- ).
    • e
    • Określenie rodzaju współpracy
    • Red.
    • 9
    • KHW
    • 39547
700 -Hasło dodatkowe - nazwa osobowa [1, ]
    • a
    • Nazwa osobowa (NP)
    • Richmond, Marion. Find
    • e
    • Określenie rodzaju współpracy
    • Red.
    • 9
    • KHW
    • 66452
920 -ISBN [ , ]
    • a
    • ISBN
    • 0-19-540756-3 Find
Data inwentaryzacji Lokalizacja Numer inwentarzowy Sygnatura Status udost.
2013-10-04BMA.9223ANG. Antologie lit. kanad. 091